Preparation and Applications of Recombinant Decarboxylases in Biocatalysis Master thesis

Gespeichert in:
Bibliographische Detailangaben
1. Verfasser: Husarčíková, Jana
Format: Buch
Sprache:Slowakisch
Veröffentlicht: Bratislava STU FCHPT 2015
Online-Zugang:Im OPAC anzeigen
Tags: Tag hinzufügen
Keine Tags, Fügen Sie das erste Tag hinzu!

MARC

LEADER 00000nam a2200000 a 4500
005 20260127134039.0
008 151209 2015 000 0 slo d
035 |a vtls011427012 
039 9 |y 201512091035  |z mschk03 
040 |a STUSCHK1  |b slo  |c STUSCHK1  |e AACR2 
100 1 |a Husarčíková, Jana 
245 1 |a Preparation and Applications of Recombinant Decarboxylases in Biocatalysis  |b Master thesis  |c Jana Husarčíková 
260 |a Bratislava  |b STU FCHPT  |c 2015 
300 |a 99 s.  |b il.  |c 25 cm 
500 |a Study programme: Biotechnology 
500 |a Study field: Biotechnologies 
500 |a Training workplace: Department of Biochemical Technology 
500 |a Reg.no.: FCHPT-5421-43992 
910 |a SCHK95 
999 |c 2829  |d 2829